000 00373 a2200169 4500
001 50588
020 _a8500005661
040 _cAnchieta - Bela Vista
100 _aSabino, Fernando
240 1 0 _aBolofofos e finifinos
_lpor
245 1 0 _aBolofofos e finifinos
300 _a88
362 0 _a2001
440 1 _aEdiouro
650 4 _aLiteratura brasileira
942 _cBK
999 _c50588
_d50588